Henry's freedom box : (Record no. 335510)
[ view plain ]
| 000 -LEADER | |
|---|---|
| fixed length control field | 00480nam a2200181Ia 4500 |
| 008 - FIXED-LENGTH DATA ELEMENTS--GENERAL INFORMATION | |
| fixed length control field | 170705s9999 xx 000 0 und d |
| 020 ## - INTERNATIONAL STANDARD BOOK NUMBER | |
| International Standard Book Number | 9780545057400 |
| 245 ## - TITLE STATEMENT | |
| Title | Henry's freedom box : |
| 245 ## - TITLE STATEMENT | |
| Remainder of title | a true story from the underground railroad / |
| 245 ## - TITLE STATEMENT | |
| Statement of responsibility, etc | Ellen Levine ; illustrated by Kadir Nelson. |
| 260 ## - PUBLICATION, DISTRIBUTION, ETC. (IMPRINT) | |
| Place of publication, distribution, etc | New York : |
| 260 ## - PUBLICATION, DISTRIBUTION, ETC. (IMPRINT) | |
| Name of publisher, distributor, etc | Scholastic, |
| 260 ## - PUBLICATION, DISTRIBUTION, ETC. (IMPRINT) | |
| Date of publication, distribution, etc | 2002 |
| 300 ## - PHYSICAL DESCRIPTION | |
| Extent | unpaged : |
| 300 ## - PHYSICAL DESCRIPTION | |
| Other physical details | color illustration ; |
| 300 ## - PHYSICAL DESCRIPTION | |
| Dimensions | 25cm. |
| 500 ## - GENERAL NOTE | |
| General note | 380 |
No items available.